The vatican and catholic activism in México and Chile : (Registro nro. 62115)
[ vista simple ]
| 000 -LEADER | |
|---|---|
| fixed length control field | 00992nam a2200265 a 4500 |
| 001 - CONTROL NUMBER | |
| control field | 62115 |
| 005 - DATE AND TIME OF LATEST TRANSACTION | |
| control field | 20180714064020.0 |
| 008 - FIXED-LENGTH DATA ELEMENTS--GENERAL INFORMATION | |
| fixed length control field | 150223s2014 xxu r 000 eng d |
| 020 ## - INTERNATIONAL STANDARD BOOK NUMBER | |
| International Standard Book Number | 978-0-19-968848-7 |
| 041 ## - LANGUAGE CODE | |
| Language code of text/sound track or separate title | eng |
| 082 0# - DEWEY DECIMAL CLASSIFICATION NUMBER | |
| Classification number | 282.72 |
| Item number | AND |
| 100 1# - MAIN ENTRY--PERSONAL NAME | |
| Personal name | Andes, Stephen J. C. |
| Fuller form of name | (Stephen Joseph Carl) |
| 245 14 - TITLE STATEMENT | |
| Title | The vatican and catholic activism in México and Chile : |
| Remainder of title | the politics of transnational catholicism, 1920-1940 / |
| Statement of responsibility, etc. | Stephen J. C. Andes. |
| 250 ## - EDITION STATEMENT | |
| Edition statement | First edition |
| 264 #1 - PRODUCTION, PUBLICATION, DISTRIBUTION, MANUFACTURE, AND COPYRIGHT NOTICE | |
| Place of production, publication, distribution, manufacture | United States of America : |
| Name of producer, publisher, distributor, manufacturer | Oxford University Press, |
| Date of production, publication, distribution, manufacture, or copyright notice | 2014 |
| 300 ## - PHYSICAL DESCRIPTION | |
| Extent | xii, 250 páginas ; |
| Dimensions | 23 cm. |
| 336 ## - CONTENT TYPE | |
| Content type term | texto |
| Source | rdacontent |
| 337 ## - MEDIA TYPE | |
| Media type term | sin mediación |
| Source | rdamedia |
| 338 ## - CARRIER TYPE | |
| Carrier type term | volumen |
| Source | rdacarrier |
| 490 0# - SERIES STATEMENT | |
| Series statement | Oxford historical monographs |
| 650 #0 - SUBJECT ADDED ENTRY--TOPICAL TERM | |
| Topical term or geographic name entry element | Iglesia católica |
| Geographic subdivision | México |
| General subdivision | Historia |
| Chronological subdivision | Siglo XX |
| 650 #0 - SUBJECT ADDED ENTRY--TOPICAL TERM | |
| Topical term or geographic name entry element | Iglesia católica |
| Geographic subdivision | Chile |
| General subdivision | Historia |
| 650 #0 - SUBJECT ADDED ENTRY--TOPICAL TERM | |
| Topical term or geographic name entry element | Católicos |
| General subdivision | Actividad católica |
| Geographic subdivision | México |
| Chronological subdivision | Siglo XX |
| 650 #0 - SUBJECT ADDED ENTRY--TOPICAL TERM | |
| Topical term or geographic name entry element | Rebelión cristera |
| Withdrawn status | Lost status | Source of classification or shelving scheme | Damaged status | Not for loan | Collection code | Home library | Current library | Shelving location | Date acquired | Source of acquisition | Inventory number | Total Checkouts | Full call number | Barcode | Date last seen | Date last checked out | Price effective from | Koha item type |
|---|---|---|---|---|---|---|---|---|---|---|---|---|---|---|---|---|---|---|
| Dewey Decimal Classification | General | Biblioteca Karol Wojtyla | Biblioteca Karol Wojtyla | Sala general | 23/02/2015 | Compra | 151000000000000000058443 | 1 | 282.72 AND 2014 | 93554 | 26/01/2026 | 19/11/2019 | 20/03/2015 | Libro |